[Event "Bydgoszcz op-A"]
[Site "Bydgoszcz"]
[Date "2022.06.27"]
[Round "3"]
[White "Malczyk, Radoslaw"]
[Black "Sernecki, Franciszek"]
[Result "0-1"]
[WhiteElo "2067"]
[BlackElo "2260"]
[PlyCount "74"]
[EventDate "2022.06.25"]
[EventType "swiss"]
[EventRounds "10"]
[EventCountry "POL"]
[SourceTitle "CBM 209 Extra"]
[Source "ChessBase"]
[SourceDate "2022.09.30"]
[SourceVersion "1"]
[SourceVersionDate "2022.09.30"]
[SourceQuality "1"]

1. e4 e6 2. d4 d5 3. e5 c5 4. c3 Nc6 5. Nf3 Bd7 6. Bd3 cxd4 7. 0-0 dxc3 8. Nxc3 Nge7 9. Re1 Ng6 10. g3 Be7 11. h4 0-0 12. h5 Nh8 13. Qc2 g6 14. a3 Rc8 15. Bh6 Re8 16. Qe2 f5 17. exf6 Bxf6 18. hxg6 hxg6 19. Kg2 Ne7 20. g4 Nf7 21. Bd2 e5 22. g5 Bg7 23. Nxd5 Nxd5 24. Bxg6 Bc6 25. Bxf7+ Kxf7 26. g6+ Kg8 27. Qc4 Re6 28. Qg4 Qf6 29. Kg3 Rf8 30. Bg5 Qf5 31. Qxf5 Rxf5 32. Kg4 Rf8 33. Nh4 Nf4 34. Nf5 Bf3+ 35. Kxf3 Rxf5 36. Kg4 Rf8 37. Rad1 Rxg6 0-1

[Event "Bydgoszcz op-A"]
[Site "Bydgoszcz"]
[Date "2022.06.25"]
[Round "1"]
[White "Malczyk, Radoslaw"]
[Black "Fiedorek, Michal"]
[Result "0-1"]
[WhiteElo "2067"]
[BlackElo "2321"]
[PlyCount "160"]
[EventDate "2022.06.25"]
[EventType "swiss"]
[EventRounds "10"]
[EventCountry "POL"]
[SourceTitle "CBM 209 Extra"]
[Source "ChessBase"]
[SourceDate "2022.09.30"]
[SourceVersion "1"]
[SourceVersionDate "2022.09.30"]
[SourceQuality "1"]

1. d4 d5 2. c4 e6 3. Nf3 Nf6 4. Nc3 c5 5. cxd5 Nxd5 6. e4 Nxc3 7. bxc3 cxd4 8. cxd4 Bb4+ 9. Bd2 Bxd2+ 10. Qxd2 0-0 11. Bc4 Nd7 12. 0-0 b6 13. Rad1 Bb7 14. Rfe1 Rc8 15. Bd3 Qc7 16. Rc1 Qb8 17. Rxc8 Rxc8 18. Rc1 Nf6 19. Rxc8+ Qxc8 20. e5 Nd5 21. Ng5 Qc3 22. Qxc3 Nxc3 23. a3 h6 24. Nf3 Bxf3 25. gxf3 Kf8 26. Kf1 b5 27. Ke1 a6 28. Kd2 Nd5 29. a4 bxa4 30. Bxa6 a3 31. Bc4 Nb4 32. Kc3 a2 33. Kb2 Nc2 34. Kxa2 Nxd4 35. f4 g5 36. fxg5 hxg5 37. h3 Nf3 38. Kb2 Nxe5 39. Be2 Ng6 40. Kc3 Nf4 41. Bf1 Kg7 42. Kd4 Kg6 43. Ke4 Kh5 44. Ke5 Nd5 45. Be2+ Kg6 46. Bd3+ Kg7 47. Bf1 Ne7 48. Ke4 Ng6 49. Ba6 Kf6 50. Bf1 Ke7 51. Bb5 f5+ 52. Kd4 Nf4 53. Bf1 Kd6 54. Ke3 Ke5 55. Kf3 Nd5 56. Ba6 Nf6 57. Ke3 Kd6 58. Bc8 f4+ 59. Kf3 e5 60. Bb7 Kc5 61. Ke2 e4 62. Kf1 Kd4 63. Ba6 Kc3 64. Ke1 Nd7 65. Bb5 Ne5 66. Ke2 Nf3 67. Bd7 Ng1+ 68. Kf1 Nf3 69. Ke2 Nd4+ 70. Ke1 Kd3 71. Bg4 e3 72. fxe3 Kxe3 73. Kf1 f3 74. Bc8 Ne2 75. Ba6 Ng3+ 76. Kg1 Ne4 77. Kf1 Nc5 78. Bb5 Kf4 79. Kf2 Ne4+ 80. Kg1 Ke5 0-1

[Event "EU-ch Rapid"]
[Site "Katowice"]
[Date "2021.12.18"]
[Round "2"]
[White "Malczyk, Radoslaw"]
[Black "Tazbir, Marcin"]
[Result "0-1"]
[WhiteElo "2050"]
[BlackElo "2508"]
[PlyCount "92"]
[EventDate "2021.12.18"]
[EventType "swiss (rapid)"]
[EventRounds "11"]
[EventCountry "POL"]
[SourceTitle "CBM 205 Extra"]
[Source "ChessBase"]
[SourceDate "2022.01.31"]
[SourceVersion "1"]
[SourceVersionDate "2022.01.31"]
[SourceQuality "1"]

1. d4 d5 2. c4 dxc4 3. e3 Nf6 4. Bxc4 a6 5. Nf3 b5 6. Be2 Bb7 7. 0-0 Nbd7 8. a4 Qb8 9. axb5 axb5 10. Rxa8 Bxa8 11. Qb3 b4 12. Ne5 e6 13. Nxd7 Nxd7 14. Qa4 Bd6 15. Nd2 Ke7 16. Nc4 Nb6 17. Qc2 Nxc4 18. Bxc4 c5 19. dxc5 Bxh2+ 20. Kh1 Qe5 21. f4 Qh5 22. Qd1 Qxd1 23. Rxd1 Bg3 24. Bd2 Rd8 25. Be2 b3 26. Bc3 f6 27. Ra1 e5 28. Ra7+ Ke6 29. Bc4+ Kf5 30. Bxb3 exf4 31. exf4 Bxf4 32. Rxg7 Be4 33. Kg1 Be3+ 34. Kh2 Bxc5 35. Rxh7 Kg6 36. Rh3 Ra8 37. Be1 Ra1 38. Bg3 Rg1 39. Rh4 f5 40. Bf4 Rxg2+ 41. Kh3 Rf2 42. Bd1 Rf1 43. Bh5+ Kf6 44. Bd2 Rh1+ 45. Kg3 Bd6+ 46. Bf4 Bxf4+ 0-1

[Event "Lazy Baltic Pearl op-A 17th"]
[Site "Lazy"]
[Date "2021.07.01"]
[Round "5"]
[White "Malczyk, Radoslaw"]
[Black "Zarebska, Lena"]
[Result "1-0"]
[WhiteElo "2070"]
[BlackElo "1849"]
[PlyCount "67"]
[EventDate "2021.06.27"]
[EventType "swiss"]
[EventRounds "9"]
[EventCountry "POL"]
[SourceTitle "EXT 2022"]
[Source "ChessBase"]
[SourceDate "2021.10.06"]
[SourceVersion "1"]
[SourceVersionDate "2021.10.06"]
[SourceQuality "1"]

1. d4 Nf6 2. Bg5 d5 3. Bxf6 exf6 4. e3 c6 5. Bd3 Nd7 6. Ne2 Bd6 7. Nd2 g6 8. c4 f5 9. cxd5 cxd5 10. Nc3 Nf6 11. Bb5+ Kf8 12. g3 Kg7 13. Qb3 a6 14. Be2 b5 15. Bf3 Be6 16. 0-0 Rc8 17. Rfc1 h5 18. h4 Ne4 19. Ndxe4 fxe4 20. Bg2 Rc4 21. a4 b4 22. Ne2 Rxc1+ 23. Rxc1 g5 24. hxg5 h4 25. gxh4 Rxh4 26. Rc6 Bh2+ 27. Kf1 Qxg5 28. Rxa6 Bg4 29. Nf4 Bf3 30. Rg6+ fxg6 31. Ne6+ Kh6 32. Nxg5 Kxg5 33. Bxf3 exf3 34. Qxd5+ 1-0

[Event "EU-ch Online U2300 Qual"]
[Site "Chess.com INT"]
[Date "2020.05.25"]
[Round "2"]
[White "Haring, Filip"]
[Black "Malczyk, Radoslaw"]
[Result "1-0"]
[WhiteElo "2306"]
[BlackElo "2099"]
[PlyCount "95"]
[EventDate "2020.05.25"]
[EventType "swiss"]
[EventRounds "8"]
[EventCountry "NET"]
[SourceTitle "EXT 2021"]
[Source "ChessBase"]
[SourceDate "2020.10.23"]
[SourceVersion "1"]
[SourceVersionDate "2020.10.23"]
[SourceQuality "1"]

1. Nf3 Nf6 2. c4 b6 3. Nc3 Bb7 4. g3 e6 5. Bg2 Be7 6. 0-0 0-0 7. Re1 d5 8. cxd5 exd5 9. d4 c5 10. Bf4 Nc6 11. Rc1 h6 12. dxc5 bxc5 13. Na4 Qa5 14. Bd2 Qb5 15. b3 Ne4 16. e3 Nb4 17. Bxb4 Qxb4 18. Ne5 Rad8 19. Qc2 Rc8 20. Bh3 Rc7 21. Nd3 Qb5 22. Bf1 Qd7 23. Bg2 Rfc8 24. Red1 Qf5 25. Qb1 c4 26. bxc4 dxc4 27. Nf4 g5 28. Bh3 Qf6 29. Bxc8 Bxc8 30. Qxe4 gxf4 31. Qxf4 Qc6 32. Nc3 Bb7 33. Nd5 Rd7 34. Qg4+ Kf8 35. e4 Rd6 36. Nxe7 Kxe7 37. Qh4+ Kf8 38. Rxd6 Qxd6 39. Qf4 Qc6 40. f3 c3 41. Qe3 c2 42. Qd2 Qf6 43. Qb4+ Kg7 44. Qxb7 Qd4+ 45. Kh1 Qe3 46. Qb2+ f6 47. Qxc2 Qxf3+ 48. Qg2 1-0

[Event "POL-chT 2nd League"]
[Site "Jastrzebia Gora"]
[Date "2019.09.11"]
[Round "5.12"]
[White "Chalupnik, Marcin"]
[Black "Malczyk, Radoslaw"]
[Result "1/2-1/2"]
[WhiteElo "2178"]
[BlackElo "2072"]
[PlyCount "70"]
[EventDate "2019.09.07"]
[EventType "team-swiss"]
[EventRounds "9"]
[EventCountry "POL"]
[SourceTitle "EXT 2020"]
[Source "ChessBase"]
[SourceDate "2019.10.17"]
[SourceVersion "1"]
[SourceVersionDate "2019.10.17"]
[SourceQuality "1"]
[WhiteTeam "Warszawa YMCA"]
[BlackTeam "Olsztyn Kopernik"]
[WhiteTeamCountry "POL"]
[BlackTeamCountry "POL"]

1. e4 c5 2. Nf3 e6 3. d4 cxd4 4. Nxd4 Nf6 5. Nc3 Bb4 6. e5 Nd5 7. Bd2 Nxc3 8. bxc3 Be7 9. Qg4 g6 10. h4 Nc6 11. Nxc6 dxc6 12. h5 Rf8 13. hxg6 hxg6 14. Rh7 Qa5 15. Qg3 Bd7 16. Bh6 Rg8 17. f4 0-0-0 18. Rd1 Be8 19. Rxd8+ Bxd8 20. Bc4 Qc5 21. Bb3 Qg1+ 22. Ke2 Qh1 23. Qh3 Qxh3 24. gxh3 c5 25. Bc4 b5 26. Bd3 c4 27. Be4 Ba5 28. Kd2 Bd8 29. Bg5 Bxg5 30. fxg5 Kc7 31. Ke3 Kb6 32. Kd4 Rf8 33. h4 Rg8 34. Bf3 Rf8 35. Be4 Rg8 1/2-1/2

[Event "POL-chT rapid"]
[Site "Zgierz"]
[Date "2018.03.03"]
[Round "6.26"]
[White "Malczyk, Radoslaw"]
[Black "Koziol, Kamil"]
[Result "0-1"]
[WhiteElo "2049"]
[BlackElo "2262"]
[PlyCount "90"]
[EventDate "2018.03.03"]
[EventType "team-swiss (rapid)"]
[EventRounds "9"]
[EventCountry "POL"]
[SourceTitle "CBM 183 Extra"]
[Source "ChessBase"]
[SourceDate "2018.04.19"]
[SourceVersion "1"]
[SourceVersionDate "2018.04.19"]
[SourceQuality "1"]
[WhiteTeam "Olsztyn Kopernik"]
[BlackTeam "Rybnik"]
[WhiteTeamCountry "POL"]
[BlackTeamCountry "POL"]

1. e4 e5 2. Nf3 Nc6 3. Bc4 Bc5 4. d3 Nf6 5. c3 d6 6. h3 0-0 7. 0-0 h6 8. Bb3 Bb6 9. Nbd2 Ne7 10. Nc4 Ng6 11. Nxb6 axb6 12. Qe2 Re8 13. Re1 Be6 14. Bd2 Bxb3 15. axb3 Qd7 16. Nh2 d5 17. Nf1 Rxa1 18. Rxa1 Qb5 19. exd5 Qxb3 20. Bc1 Qxd5 21. Ng3 Nf4 22. Bxf4 exf4 23. Ne4 Nxe4 24. dxe4 Qxe4 25. Qd2 f3 26. g3 Qf5 27. Re1 Rxe1+ 28. Qxe1 Qd5 29. Kh2 g6 30. Qe3 Kg7 31. g4 Qd6+ 32. Kg1 Qf6 33. Kh2 h5 34. b4 hxg4 35. hxg4 Qh4+ 36. Kg1 Qxg4+ 37. Kf1 Qc4+ 38. Kg1 Qd5 39. c4 Qd1+ 40. Kh2 Qd6+ 41. Kg1 Qxb4 42. Qe5+ Kh6 43. Qf4+ Kg7 44. Qe5+ Kg8 45. Kh2 Qd6 0-1

[Event "POL-ch (Public Admin) 3rd rapid"]
[Site "Warsaw"]
[Date "2017.12.09"]
[Round "8.9"]
[White "Ciechocinski, Stefan"]
[Black "Malczyk, Radoslaw"]
[Result "1-0"]
[WhiteElo "1911"]
[BlackElo "2052"]
[PlyCount "75"]
[EventDate "2017.12.09"]
[EventType "swiss (rapid)"]
[EventRounds "9"]
[EventCountry "POL"]
[SourceTitle "CBM 182 Extra"]
[Source "ChessBase"]
[SourceDate "2018.02.23"]
[SourceVersion "1"]
[SourceVersionDate "2018.02.23"]
[SourceQuality "1"]

1. e4 Nc6 2. b4 Nxb4 3. c3 Nc6 4. d4 e5 5. dxe5 Nxe5 6. f4 Ng6 7. Nf3 d6 8. Bc4 Qe7 9. 0-0 Be6 10. Be2 Bd7 11. Qc2 0-0-0 12. c4 Bc6 13. Nc3 Nf6 14. Bd3 Nh5 15. g3 Kb8 16. Nd4 Bd7 17. Nd5 Qe8 18. Rb1 Bc8 19. Be3 c5 20. Nb5 Qc6 21. Rb3 Nf6 22. Nxf6 gxf6 23. Rfb1 Rd7 24. Nc3 Ne7 25. Qb2 h5 26. Nd5 Bg7 27. Qg2 Nxd5 28. cxd5 Qc7 29. f5 Bh6 30. Bxh6 Rxh6 31. Bb5 Re7 32. Bc6 b6 33. a4 Bb7 34. a5 Bxc6 35. axb6 axb6 36. dxc6 Re5 37. Rxb6+ Kc8 38. Rb8+ 1-0

[Event "Warsaw Najdorf Memorial op-B 12th"]
[Site "Warsaw"]
[Date "2014.07.17"]
[Round "4"]
[White "Kurowski, Andrzej"]
[Black "Malczyk, Radoslaw"]
[Result "1/2-1/2"]
[WhiteElo "1764"]
[BlackElo "2084"]
[PlyCount "42"]
[EventDate "2014.07.14"]
[EventType "swiss"]
[EventRounds "9"]
[EventCountry "POL"]
[SourceTitle "EXT 2016"]
[Source "ChessBase"]
[SourceDate "2015.10.08"]
[SourceVersion "1"]
[SourceVersionDate "2015.10.08"]
[SourceQuality "1"]

1. d4 c6 2. c4 Nf6 3. Nc3 d5 4. Nf3 a6 5. Bf4 b5 6. cxd5 cxd5 7. e3 Bg4 8. Be2 e6 9. 0-0 Bd6 10. Bxd6 Qxd6 11. Rc1 Nbd7 12. a3 0-0 13. Qd2 Rfc8 14. Rc2 Rc6 15. Rfc1 Rac8 16. Ne1 Bf5 17. Bd3 Ng4 18. g3 Nh6 19. Bxf5 Nxf5 20. Nd3 Nb6 21. Na2 Rxc2 1/2-1/2

[Event "Warsaw Najdorf Memorial op-B 12th"]
[Site "Warsaw"]
[Date "2014.07.16"]
[Round "3"]
[White "Malczyk, Radoslaw"]
[Black "Ostrowska, Dominika"]
[Result "1-0"]
[WhiteElo "2084"]
[BlackElo "1980"]
[PlyCount "77"]
[EventDate "2014.07.14"]
[EventType "swiss"]
[EventRounds "9"]
[EventCountry "POL"]
[SourceTitle "EXT 2016"]
[Source "ChessBase"]
[SourceDate "2015.10.08"]
[SourceVersion "1"]
[SourceVersionDate "2015.10.08"]
[SourceQuality "1"]

1. d4 d5 2. Bf4 Nf6 3. e3 Bf5 4. Nf3 e6 5. Be2 Bd6 6. Ne5 0-0 7. g4 Be4 8. Rg1 c5 9. g5 Ne8 10. Nd2 Bf5 11. dxc5 Bxc5 12. Nb3 Bd6 13. Nd4 Bxe5 14. Bxe5 Nc6 15. Nxf5 exf5 16. Bc3 Nc7 17. Qd3 Qd7 18. 0-0-0 b5 19. Bf3 b4 20. Bd4 Nxd4 21. Qxd4 Qa4 22. Bxd5 Nxd5 23. Qxd5 Rac8 24. Qb3 Qc6 25. Rd5 a5 26. Qd3 a4 27. Kb1 g6 28. h4 a3 29. b3 Qe6 30. Rd1 Rc3 31. Qd4 Qc6 32. Rd8 Rxd8 33. Qxd8+ Kg7 34. Qd4+ Kg8 35. Qxb4 Qc8 36. Rc1 Rc6 37. Qxa3 Ra6 38. Qb4 Qa8 39. a4 1-0

[Event "POL-chT 2nd League"]
[Site "Miedzyzdroje"]
[Date "2009.09.14"]
[Round "3"]
[White "Kielek, Andrzej"]
[Black "Malczyk, Radoslaw"]
[Result "1-0"]
[WhiteElo "2026"]
[BlackElo "2090"]
[PlyCount "68"]
[EventDate "2009.09.12"]
[EventType "team-swiss"]
[EventRounds "9"]
[EventCountry "POL"]
[SourceTitle "EXT 2019"]
[Source "ChessBase"]
[SourceDate "2018.10.10"]
[SourceVersion "1"]
[SourceVersionDate "2018.10.10"]
[SourceQuality "1"]
[WhiteTeam "Lubsko Caissa"]
[BlackTeam "Olsztyn AZS UWM"]
[WhiteTeamCountry "POL"]
[BlackTeamCountry "POL"]

1. e4 d6 2. d4 Nf6 3. Nc3 Nc6 4. Bb5 Bd7 5. d5 Ne5 6. Bxd7+ Qxd7 7. Qe2 Ng6 8. h3 e5 9. Nf3 Be7 10. Be3 c5 11. Nd2 h5 12. 0-0-0 a6 13. Bg5 b5 14. g3 b4 15. Ncb1 Nxd5 16. Bxe7 Ngxe7 17. Nc4 Nc8 18. f4 exf4 19. Nxd6+ Nxd6 20. e5 0-0 21. exd6 Qf5 22. Qf3 Qg5 23. gxf4 Nxf4 24. Nd2 Ne6 25. Kb1 Nd4 26. Qd3 Qg6 27. Ne4 Ne6 28. Rhe1 Qh6 29. Rf1 f5 30. Nd2 Rad8 31. Ne4 Nd4 32. h4 Rf6 33. c3 bxc3 34. bxc3 Nb5 1-0

[Event "POL-chT 2nd League"]
[Site "Miedzyzdroje"]
[Date "2009.09.12"]
[Round "1"]
[White "Antkowiak, Grzegorz"]
[Black "Malczyk, Radoslaw"]
[Result "1/2-1/2"]
[WhiteElo "2189"]
[BlackElo "2090"]
[PlyCount "141"]
[EventDate "2009.09.12"]
[EventType "team-swiss"]
[EventRounds "9"]
[EventCountry "POL"]
[SourceTitle "EXT 2019"]
[Source "ChessBase"]
[SourceDate "2018.10.10"]
[SourceVersion "1"]
[SourceVersionDate "2018.10.10"]
[SourceQuality "1"]
[WhiteTeam "Wroclaw Hetman"]
[BlackTeam "Olsztyn AZS UWM"]
[WhiteTeamCountry "POL"]
[BlackTeamCountry "POL"]

1. e4 d5 2. exd5 Qxd5 3. Nc3 Qd6 4. d4 Nf6 5. Nb5 Qe6+ 6. Be2 Na6 7. c4 c6 8. Nc3 g6 9. Nf3 Bg7 10. 0-0 0-0 11. Bg5 h6 12. Bh4 Rd8 13. Re1 g5 14. Bg3 g4 15. Ne5 Qf5 16. Bd3 Qh5 17. Rc1 e6 18. Be2 Qg5 19. Rc2 h5 20. Rd2 Bh6 21. Rd3 Nb4 22. Re3 h4 23. f4 gxf3 24. Rxf3 hxg3 25. Rxg3 Qxg3 26. hxg3 Be3+ 27. Kf1 Bxd4 28. a3 Na6 29. Qc1 Kf8 30. Qf4 Ke7 31. Rd1 Bxe5 32. Qxe5 Rxd1+ 33. Bxd1 Bd7 34. b4 Rg8 35. Bf3 b6 36. c5 bxc5 37. bxc5 Ne8 38. g4 f6 39. Qd4 Nac7 40. Qa4 a6 41. Ne2 e5 42. Ng3 Nb5 43. Nf5+ Bxf5 44. gxf5 Rg5 45. Qxa6 Rxf5 46. Kg1 Nd4 47. Bxc6 Nc7 48. Qd3 Nce6 49. g4 Rg5 50. Bf3 Nxc5 51. Qh7+ Kd6 52. Kf2 e4 53. Bd1 Re5 54. Ke3 Nc6 55. Qh8 Nd7 56. Ba4 Ra5 57. Bxc6 Rxa3+ 58. Kxe4 Kxc6 59. Qh1 Ra5 60. Qc1+ Rc5 61. Qh6 Kd6 62. Qh2+ Ke6 63. Qa2+ Kd6 64. Kf4 Re5 65. Qd2+ Ke7 66. Qb4+ Nc5 67. Qa3 Kf7 68. Qa2+ Ne6+ 69. Kg3 Re3+ 70. Kh4 Re5 71. Qb3 1/2-1/2

[Event "Olsztyn-ch"]
[Site "Olsztyn"]
[Date "2008.04.27"]
[Round "8.1"]
[White "Malczyk, Radoslaw"]
[Black "Budrewicz, Krzysztof"]
[Result "1/2-1/2"]
[WhiteElo "2061"]
[BlackElo "2324"]
[PlyCount "31"]
[EventDate "2008.04.19"]
[EventType "swiss"]
[EventRounds "9"]
[EventCountry "POL"]
[SourceTitle "EXT 2023"]
[Source "ChessBase"]
[SourceDate "2022.10.05"]
[SourceVersion "1"]
[SourceVersionDate "2022.10.05"]
[SourceQuality "1"]

1. e4 e5 2. Nf3 Nc6 3. Bc4 Nf6 4. Ng5 d5 5. exd5 Na5 6. Bb5+ c6 7. dxc6 bxc6 8. Qf3 Rb8 9. Bxc6+ Nxc6 10. Qxc6+ Bd7 11. Qc4 Qe7 12. Nc3 h6 13. Nge4 Nxe4 14. Qxe4 f5 15. Qe2 g6 16. 0-0 1/2-1/2

[Event "Olsztyn-ch"]
[Site "Olsztyn"]
[Date "2008.04.26"]
[Round "6.2"]
[White "Malczyk, Radoslaw"]
[Black "Paprocki, Jaroslaw"]
[Result "1-0"]
[WhiteElo "2061"]
[BlackElo "2215"]
[PlyCount "135"]
[EventDate "2008.04.19"]
[EventType "swiss"]
[EventRounds "9"]
[EventCountry "POL"]
[SourceTitle "EXT 2023"]
[Source "ChessBase"]
[SourceDate "2022.10.05"]
[SourceVersion "1"]
[SourceVersionDate "2022.10.05"]
[SourceQuality "1"]

1. d4 Nf6 2. c4 e6 3. Nc3 Bb4 4. Qc2 0-0 5. Bg5 c5 6. e3 b6 7. Bd3 h6 8. Bh4 Bb7 9. f3 cxd4 10. exd4 Nc6 11. Nge2 e5 12. d5 Nd4 13. Qa4 Nxe2 14. Qxb4 Nf4 15. Bf1 g5 16. Bf2 d6 17. g3 Ng6 18. Be3 Kg7 19. Bd3 Ne8 20. h4 gxh4 21. gxh4 f5 22. h5 Nh4 23. Rg1+ Kh7 24. 0-0-0 Nxf3 25. Rg6 Rf6 26. Rf1 Ng5 27. Bxf5 Kh8 28. Bd3 Rxg6 29. Bxg6 Nf6 30. Nb5 Nfe4 31. Kb1 a5 32. Qe1 Qd7 33. Bf5 Qe7 34. Bxe4 Nxe4 35. Bxb6 Qh7 36. Ka1 Rc8 37. Bc7 Ba6 38. Bxd6 Rxc4 39. Bxe5+ Kg8 40. Rg1+ Ng5 41. Qxa5 Bxb5 42. Qxb5 Rc8 43. d6 Qc2 44. Qb3+ Qxb3 45. axb3 Kf7 46. Bf4 Ne4 47. Rd1 Ke6 48. d7 Rd8 49. Bxh6 Nc5 50. Bg5 Ra8+ 51. Kb1 Nxd7 52. h6 Rg8 53. Bd2 Nf8 54. b4 Rg2 55. Bc3 Nh7 56. Rh1 Rg6 57. Bg7 Kf7 58. Ka2 Kg8 59. Rf1 Rb6 60. Kb3 Ng5 61. Rf8+ Kh7 62. Rf6 Rb7 63. Rc6 Ne4 64. Bc3 Ng5 65. Be5 Rb5 66. Rc5 Rb6 67. Bg7 Ne6 68. Kc4 1-0

[Event "Olsztyn-ch"]
[Site "Olsztyn"]
[Date "2008.04.20"]
[Round "3.3"]
[White "Krzywicki, Dariusz"]
[Black "Malczyk, Radoslaw"]
[Result "1-0"]
[WhiteElo "2234"]
[BlackElo "2061"]
[PlyCount "47"]
[EventDate "2008.04.19"]
[EventType "swiss"]
[EventRounds "9"]
[EventCountry "POL"]
[SourceTitle "EXT 2023"]
[Source "ChessBase"]
[SourceDate "2022.10.05"]
[SourceVersion "1"]
[SourceVersionDate "2022.10.05"]
[SourceQuality "1"]

1. Nf3 g6 2. g3 Bg7 3. Bg2 f5 4. d4 Nf6 5. 0-0 0-0 6. c4 d6 7. Nc3 h6 8. b3 Qe8 9. Bb2 Na6 10. Rc1 e5 11. dxe5 dxe5 12. Nd5 c6 13. Nxf6+ Bxf6 14. Qd6 Be6 15. Bxe5 Rd8 16. Qa3 Bxe5 17. Nxe5 f4 18. Nxc6 Rd2 19. Ne7+ Kf7 20. Nd5 g5 21. e3 Bxd5 22. Bxd5+ Rxd5 23. cxd5 f3 24. Qd6 1-0

[Event "POL Academic Cup 2nd"]
[Site "Wroclaw"]
[Date "2007.05.04"]
[Round "9"]
[White "Malczyk, Radoslaw"]
[Black "Nasuta, Grzegorz"]
[Result "0-1"]
[WhiteElo "2113"]
[BlackElo "1942"]
[PlyCount "32"]
[EventDate "2007.04.28"]
[EventType "swiss"]
[EventRounds "9"]
[EventCountry "POL"]
[SourceTitle "EXT 2011"]
[Source "ChessBase"]
[SourceDate "2010.11.26"]
[SourceVersion "1"]
[SourceVersionDate "2010.11.26"]
[SourceQuality "1"]

1. d4 d5 2. c4 dxc4 3. Nc3 a6 4. a4 Nc6 5. Nf3 Nf6 6. e3 Na5 7. Ne5 Be6 8. Bd2 g6 9. Ra3 Bg7 10. Na2 c5 11. Qc2 cxd4 12. exd4 Qxd4 13. Bc3 Qc5 14. Nf3 0-0 15. Be2 Bf5 16. Qc1 Ne4 0-1

[Event "POL Academic Cup 2nd"]
[Site "Wroclaw"]
[Date "2007.04.29"]
[Round "2"]
[White "Kotermanska, Anna"]
[Black "Malczyk, Radoslaw"]
[Result "1-0"]
[WhiteElo "1944"]
[BlackElo "2113"]
[PlyCount "63"]
[EventDate "2007.04.28"]
[EventType "swiss"]
[EventRounds "9"]
[EventCountry "POL"]
[SourceTitle "EXT 2011"]
[Source "ChessBase"]
[SourceDate "2010.11.26"]
[SourceVersion "1"]
[SourceVersionDate "2010.11.26"]
[SourceQuality "1"]

1. e4 g6 2. d4 Bg7 3. Nc3 c5 4. Nf3 cxd4 5. Nxd4 Nc6 6. Be3 d6 7. Qd2 Nf6 8. f3 0-0 9. 0-0-0 Bd7 10. g4 h5 11. gxh5 Nxh5 12. Be2 Qa5 13. Rhg1 Nf4 14. Bc4 Nxd4 15. Bxd4 Bxd4 16. Qxd4 Be6 17. Bxe6 Nxe6 18. Qe3 Kg7 19. Rd5 Qa6 20. h4 Rh8 21. h5 Nc7 22. Rdg5 Ne6 23. hxg6 Nxg5 24. Qxg5 f6 25. Qd5 Raf8 26. Qe6 Qb6 27. Qxe7+ Kh6 28. Ne2 Qd8 29. Rh1+ Kg5 30. f4+ Kg4 31. Qe6+ f5 32. Rg1+ 1-0

[Event "POL-chT 2nd League"]
[Site "Lublin"]
[Date "2006.09.09"]
[Round "8.95"]
[White "Mensfel, Roman"]
[Black "Malczyk, Radoslaw"]
[Result "0-1"]
[WhiteElo "1956"]
[BlackElo "2139"]
[PlyCount "86"]
[EventDate "2006.09.02"]
[EventType "team-swiss"]
[EventRounds "9"]
[EventCountry "POL"]
[SourceTitle "EXT 2019"]
[Source "ChessBase"]
[SourceDate "2018.10.10"]
[SourceVersion "1"]
[SourceVersionDate "2018.10.10"]
[SourceQuality "1"]
[WhiteTeam "Poznan Polan"]
[BlackTeam "Olsztyn AZS UWM"]
[WhiteTeamCountry "POL"]
[BlackTeamCountry "POL"]

1. e4 d6 2. d4 Nf6 3. Bd3 Nc6 4. c3 e5 5. Ne2 g6 6. 0-0 Bg7 7. d5 Ne7 8. c4 Nh5 9. Nbc3 0-0 10. Be3 f5 11. f3 f4 12. Bf2 c5 13. a3 Rf7 14. b4 b6 15. Rb1 g5 16. Nc1 Ng6 17. Be2 Nf6 18. Nd3 h5 19. bxc5 bxc5 20. Be1 g4 21. Qa4 Bf8 22. Nb5 Ne8 23. Qc2 Rg7 24. fxg4 hxg4 25. Rb3 a6 26. Nc3 Qg5 27. Bd1 Nf6 28. g3 f3 29. Bd2 Qh5 30. Be3 Nh7 31. Qb2 Ng5 32. Bxg5 Qxg5 33. Qc1 Qh5 34. Qe3 Rh7 35. Rf2 Bh6 36. Qe1 Bg5 37. Rbb2 Qh6 38. Ba4 Be3 39. Kh1 Bxf2 40. Qxf2 Bd7 41. Bxd7 Rxd7 42. Nd1 Ne7 43. Ne3 Qg6 0-1

[Event "POL-chT 2nd League"]
[Site "Lublin"]
[Date "2006.09.07"]
[Round "6.71"]
[White "Olszewski, Marek"]
[Black "Malczyk, Radoslaw"]
[Result "0-1"]
[WhiteElo "2152"]
[BlackElo "2139"]
[PlyCount "98"]
[EventDate "2006.09.02"]
[EventType "team-swiss"]
[EventRounds "9"]
[EventCountry "POL"]
[SourceTitle "EXT 2019"]
[Source "ChessBase"]
[SourceDate "2018.10.10"]
[SourceVersion "1"]
[SourceVersionDate "2018.10.10"]
[SourceQuality "1"]
[WhiteTeam "Bydgoszcz Chemik"]
[BlackTeam "Olsztyn AZS UWM"]
[WhiteTeamCountry "POL"]
[BlackTeamCountry "POL"]

1. e4 d5 2. Nc3 dxe4 3. Nxe4 Nf6 4. Ng3 g6 5. Nf3 Bg7 6. Bc4 0-0 7. 0-0 c5 8. Re1 a6 9. a4 Nc6 10. h3 b6 11. d3 Bb7 12. Bd2 Nd4 13. Nxd4 cxd4 14. Qe2 e6 15. Ne4 Qd7 16. Bg5 Nxe4 17. dxe4 f6 18. Qg4 Rfe8 19. Bd2 Qc6 20. Bd3 e5 21. h4 Bc8 22. Qe2 f5 23. f3 f4 24. Bc4+ Be6 25. Bxe6+ Qxe6 26. Rec1 Bf6 27. Be1 Qe7 28. c3 dxc3 29. Rxc3 Bxh4 30. Bxh4 Qxh4 31. Rc6 b5 32. Qc2 bxa4 33. Qxa4 a5 34. Rc7 Re7 35. Rxe7 Qxe7 36. b4 Qa7+ 37. Kh2 Qd4 38. Qa2+ Kg7 39. bxa5 Ra6 40. Rb1 Kh6 41. Rb5 Qd8 42. Qa1 Rd6 43. Rd5 Qh4+ 44. Kg1 Rc6 45. Rd2 Qf6 46. Qe1 Qe7 47. Qf2 Rc1+ 48. Kh2 Qg5 49. g4 fxg3+ 0-1